Normal view
MARC view
- Clough , Richard H
Entry Personal Name
001 - CONTROL NUMBER
- control field: 133451
003 - CONTROL NUMBER IDENTIFIER
- control field: NUST
005 - DATE AND TIME OF LATEST TRANSACTION
- control field: 20260225101924.0
008 - FIXED-LENGTH DATA ELEMENTS
- fixed length control field: 260225|| aca||aabn | a|a d
040 ## - CATALOGING SOURCE
- Original cataloging agency: NUST
- Transcribing agency: NUST
100 ## - HEADING--PERSONAL NAME
- Personal name: Clough , Richard H
670 ## - SOURCE DATA FOUND
- Source citation: Work cat.: (NUST): Clough , Richard H. , Construction Contracting: A Practical Guide to Company Management /, 2015.
